banner koha

Durabilidade natural de madeira sólida, de chapas aglomeradas e de chapas cimento-madeira de Hevea brasiliensis (Registro n. 298925)

MARC details
000 -LÍDER
fixed length control field 01161nab a2200325 4500
003 - CÓDIGO MARC DA AGÊNCIA CATALOGADORA
Campo de controle BR-BrBNA
005 - DATA E HORA DA ÚLTIMA ATUALIZAÇÃO
Campo de controle 20240325215835.0
008 - CAMPO DE TAMANHO FIXO
fixed length control field 240325b bl.||||| |||| 00| 0 por d
040 ## - FONTE DA CATALOGAÇÃO
Agência catalogadora BR-BrBNA
Idioma da catalogação por
072 ## - CATEGORIA AGRIS
Código AGRIS K50 ; J12
Código do objeto 2480
100 ## - ENTRADA PRINCIPAL - NOME PESSOAL
Nome pessoal Okino, Esmeralda Yoshico Arakaki
100 ## - ENTRADA PRINCIPAL - NOME PESSOAL
Nome pessoal Alves, Marcus Vinicius da Silva
100 ## - ENTRADA PRINCIPAL - NOME PESSOAL
Nome pessoal Santana, Marcos Antônio Eduardo
100 ## - ENTRADA PRINCIPAL - NOME PESSOAL
Nome pessoal Sousa, Maria Eliete de
245 ## - TÍTULO PRINCIPAL
Título principal Durabilidade natural de madeira sólida, de chapas aglomeradas e de chapas cimento-madeira de Hevea brasiliensis
Subtítulo Pesquisa
500 ## - NOTA GERAL
Nota geral Summaries (eng, por); 9 ref.; 4 tables
942 ## - ADDED ENTRY ELEMENTS (KOHA)
Koha item type
650 ## - ASSUNTO - THESAGRO
Cabeçalho tópico ou nome geográfico HEVEA BRASILIENSIS
650 ## - ASSUNTO - THESAGRO
Cabeçalho tópico ou nome geográfico SERINGUEIRA
650 ## - ASSUNTO - THESAGRO
Cabeçalho tópico ou nome geográfico PLANTA PRODUTORA DE BORRACHA
650 ## - ASSUNTO - THESAGRO
Cabeçalho tópico ou nome geográfico MADEIRA
650 ## - ASSUNTO - THESAGRO
Cabeçalho tópico ou nome geográfico CHAPA DE MADEIRA
650 ## - ASSUNTO - THESAGRO
Cabeçalho tópico ou nome geográfico AGLOMERADO
650 ## - ASSUNTO - THESAGRO
Cabeçalho tópico ou nome geográfico CLONE
650 ## - ASSUNTO - THESAGRO
Cabeçalho tópico ou nome geográfico FUNGO
650 ## - ASSUNTO - THESAGRO
Cabeçalho tópico ou nome geográfico RESISTÊNCIA
650 ## - ASSUNTO - THESAGRO
Cabeçalho tópico ou nome geográfico BIODEGRADAÇÃO
773 0# - ENTRADA ANALÍTICA
Host Biblionumber 1357
Registro do item 4682
Imprenta Brasília-DF Instituto Brasileiro de Desenvolvimento Florestal 1970
Outro identificador 2023-07826
Título Brasil Florestal (Brazil)
ISSN 0045-270X
Colação v. 21(73) p. 39-46; (Apr 2002)
Número de controle de registro BR20245000520

Nenhum exemplar disponível.

BINAGRI

Telefone: (61)3218-2567/2388/3357/2097 - binagri@agro.gov.br

Ministério da Agricultura e Pecuária , Esplanada dos Ministérios, Bloco D, Anexo B, Brasília/DF, CEP: 70.043-900